Natoo: Je sais pas danser (Paroles) - Statistiques

Statistiques générales
  • Ce quiz a été pris 422 fois
  • Le résultat moyen est 232 sur 399
Statistiques - réponses
Paroles % Correct
m'a
100%
je
99%
Je
99%
pas
98%
t'as
98%
dans
97%
sais
93%
boule
92%
Boule
92%
danse
92%
ma
92%
a
91%
à
91%
bouge
91%
d'un
91%
qu'un
91%
Et
90%
comme
89%
de
89%
un
88%
mon
87%
me
84%
danser
81%
81%
la
81%
La
81%
le
81%
Le
81%
au
80%
yeux
78%
boulet
76%
si
76%
mal
74%
aux
72%
ce
72%
J'ai
72%
j'ai
72%
c'est
71%
C'est
71%
s'est
71%
mieux
70%
j'fais
69%
fais
68%
faute
66%
Même
65%
retraité
64%
style
64%
piste
57%
se
57%
Chris
51%
twerk
51%
Twerk
51%
des
47%
Mais
46%
mais
46%
juger
45%
peut
45%
Sur
45%
sur
45%
d'un
44%
les
44%
vous
44%
d'arriver
42%
que
41%
Seul
41%
Marques
40%
tout
39%
vient
39%
mes
38%
par
38%
Écartez
37%
toute
36%
êtes
35%
J'commence
35%
moi
35%
j'crois
34%
prêts
34%
Baby
33%
bombe
33%
m'échauffer
33%
Beyoncé
32%
bossé
32%
fait
32%
Une
32%
une
32%
toutes
31%
rageux
30%
shake
29%
chorés
28%
clips
28%
fiche
28%
il
27%
Il
27%
En
26%
en
26%
On
26%
on
26%
viens
26%
veau
23%
pieds
22%
Spotlight
22%
Aussi
20%
balai
20%
Quand
20%
aïe
19%
deux
19%
gauches
19%
robot
19%
son
19%
Regarde
18%
terre
18%
trop
18%
Trop
18%
qu'un
17%
chaud
16%
Elle
16%
est
16%
l'air
16%
vautrer
16%
boulets
15%
notre
15%
sait
15%
battle
14%
rigide
14%
chenille
13%
laid
13%
pour
13%
bar
11%
loose
11%
vague
11%
meuf
10%
pédiluve
10%
personne
10%
roi
10%
rouillé
10%
suivi
10%
allure
9%
Attire
9%
Puis
9%
qu'ils
9%
bassin
8%
lance
8%
mains
8%
m'ont
8%
Niveau
8%
sécu'
8%
cercle
7%
choquée
7%
crise
7%
d'épilepsie
7%
foule
7%
l'aise
7%
move
7%
caleçon
6%
garçon
6%
lui
6%
serré
6%
Soudain
6%
verre
6%
Assise
5%
bois
5%
déplace
5%
former
5%
J'mapproche
5%
pétée
5%
sueur
5%
cru
4%
go
4%
J'enchaîne
4%
juste
4%
shaker
4%
berk
3%
évacuer
3%
faire
3%
moche
3%
ramenée
3%
sourit
3%
C'était
2%
donné
2%
J'décide
2%
reguard
1%
Aucun quiz correspondant
Distribution des résultats
% des personnes avec chaque résultat
Percentile par nombre de réponses
Votre historique - résultats
Vous n’avez pas pris ce quiz